[Event "Scarborough CC ch"]
[Site "Toronto CAN"]
[Date "2010.04.08"]
[Round "7"]
[White "Hall, John"]
[Black "Hacatoglu, Kevork"]
[Result "1/2-1/2"]
[WhiteElo "2238"]
[BlackElo "2212"]
[PlyCount "52"]
[EventDate "2010.02.25"]
[EventType "tourn"]
[EventRounds "9"]
[EventCountry "CAN"]

1. d4 e6 2. c4 b6 3. a3 Bb7 4. Nc3 f5 5. d5 Nf6 6. g3 Bd6 7. Bg2 Na6 8. Nh3 O-O
9. O-O Nc5 10. Be3 Be5 11. Bxc5 bxc5 12. Na4 Bd6 13. Nf4 exd5 14. Nxd5 Kh8 15.
Nac3 Nxd5 16. Bxd5 Bxd5 17. Qxd5 Qe7 18. Rad1 Rab8 19. Rd2 Be5 20. Na4 d6 21.
Qc6 Qe8 22. Qxe8 Rfxe8 23. e3 Rb3 24. Rc1 Reb8 25. Rcc2 Kg8 26. Kf1 Kf7 1/2-1/2

[Event "Scarborough CC ch"]
[Site "Toronto CAN"]
[Date "2010.04.29"]
[Round "7"]
[White "Lamb, Bryan"]
[Black "Ferreira, Alex"]
[Result "0-1"]
[WhiteElo "2214"]
[BlackElo "2057"]
[PlyCount "74"]
[EventDate "2010.02.25"]
[EventType "tourn"]
[EventRounds "9"]
[EventCountry "CAN"]

1. c4 e5 2. g3 Nf6 3. Bg2 Bc5 4. Nc3 c6 5. e3 d5 6. cxd5 cxd5 7. d4 exd4 8.
exd4 Be7 9. Qb3 Nc6 10. Nge2 Na5 11. Qa4+ Bd7 12. Qc2 Rc8 13. O-O O-O 14. Nf4
g6 15. Re1 Bb4 16. h4 Bf5 17. Qa4 Rxc3 18. bxc3 Bxc3 19. Ba3 Bxe1 20. Bxf8 Bc3
21. Bb4 Bxa1 22. Bxa5 Qd7 23. Qd1 Bb2 24. Bb4 Ne4 25. g4 Be6 26. Bxe4 dxe4 27.
d5 Bxg4 28. Qb1 Bf3 29. Qxb2 Qg4+ 30. Kf1 Qxh4 31. Ne2 Qh1+ 32. Ng1 Qg2+ 33.
Ke1 Qxg1+ 34. Kd2 Qxf2+ 35. Kc3 Qxb2+ 36. Kxb2 e3 37. d6 Bc6 0-1

[Event "Scarborough CC ch"]
[Site "Toronto CAN"]
[Date "2010.04.08"]
[Round "7"]
[White "Pedersen, Rune"]
[Black "Casareno, Erwin"]
[Result "0-1"]
[WhiteElo "2340"]
[BlackElo "2181"]
[PlyCount "42"]
[EventDate "2010.02.25"]
[EventType "tourn"]
[EventRounds "9"]
[EventCountry "CAN"]

1. e4 c5 2. Nf3 Nc6 3. d4 cxd4 4. Nxd4 Nf6 5. Nc3 e5 6. Ndb5 d6 7. Nd5 Nxd5 8.
exd5 Ne7 9. c4 Ng6 10. c5 a6 11. Qa4 Bd7 12. Nxd6+ Bxd6 13. c6 bxc6 14. dxc6
Bc8 15. Bd2 O-O 16. b4 Qh4 17. Be2 Nf4 18. g3 Ng2+ 19. Kf1 Qe4 20. f3 Qd4 21.
Bd1 Bc5 0-1

[Event "Scarborough CC ch"]
[Site "Toronto CAN"]
[Date "2010.04.08"]
[Round "7"]
[White "Yuan, Yuanling"]
[Black "Peng, Bill"]
[Result "1/2-1/2"]
[WhiteElo "2323"]
[BlackElo "2186"]
[PlyCount "74"]
[EventDate "2010.02.25"]
[EventType "tourn"]
[EventRounds "9"]
[EventCountry "CAN"]

1. e4 e6 2. d4 d5 3. Nc3 Nf6 4. e5 Nfd7 5. f4 c5 6. Nf3 Nc6 7. Be3 Be7 8. Qd2
a6 9. Be2 b5 10. O-O O-O 11. Nd1 cxd4 12. Nxd4 Nxd4 13. Bxd4 Nc5 14. Qe3 Qc7
15. b4 Ne4 16. c3 Bb7 17. Nf2 Rac8 18. Nxe4 dxe4 19. Bg4 h6 20. f5 Bg5 21. Qe1
f6 22. fxe6 fxe5 23. Bc5 Be7 24. Bxe7 Qxe7 25. Rf7 Qg5 26. Bh3 Bd5 27. Rd1 Bc4
28. Qxe4 Kh8 29. Rf3 Rce8 30. Qe3 Qxe3+ 31. Rxe3 Bxe6 32. Bxe6 Rxe6 33. Rd5 Rc8
34. Kf2 Rec6 35. Rdxe5 Rxc3 36. Re8+ Kh7 37. Rxc3 Rxc3 1/2-1/2

[Event "Scarborough CC ch"]
[Site "Toronto CAN"]
[Date "2010.04.15"]
[Round "8"]
[White "Ferreira, Alex"]
[Black "Yuan, Yuanling"]
[Result "0-1"]
[WhiteElo "2057"]
[BlackElo "2323"]
[PlyCount "104"]
[EventDate "2010.02.25"]
[EventType "tourn"]
[EventRounds "9"]
[EventCountry "CAN"]

1. d4 Nf6 2. Bg5 Ne4 3. Bf4 c5 4. f3 Qa5+ 5. c3 Nf6 6. Nd2 d6 7. Nb3 Qb6 8.
dxc5 dxc5 9. e4 e6 10. Qd2 Be7 11. O-O-O a5 12. Bd6 Nbd7 13. Bxe7 Kxe7 14. Qg5
Kf8 15. Nd2 Qc7 16. Nc4 h6 17. Qd2 Ra6 18. Nd6 Rb6 19. f4 Rxd6 20. Qxd6+ Qxd6
21. Rxd6 Nxe4 22. Rd2 Nxd2 23. Kxd2 Ke7 24. Nf3 Rd8 25. Bb5 Ne5+ 26. Ke3 Nxf3
27. gxf3 Rd6 28. Rg1 Kf6 29. Bd3 b6 30. Be4 Ba6 31. b4 cxb4 32. cxb4 axb4 33.
Rb1 Bc4 34. Rb2 b5 35. Rxb4 Ra6 36. Bb1 Bxa2 37. Rxb5 Bxb1 38. Rxb1 Ra2 39. Rh1
Kf5 40. Rg1 g6 41. h3 Ra3+ 42. Kf2 Kxf4 43. Rg4+ Kf5 44. Kg3 e5 45. Rb4 Ra7 46.
Rc4 Re7 47. Re4 Kg5 48. Rg4+ Kf6 49. Ra4 Kg7 50. Kf2 f5 51. Ke3 Kf6 52. Rh4 f4+
0-1

[Event "Scarborough CC ch"]
[Site "Toronto CAN"]
[Date "2010.04.15"]
[Round "8"]
[White "Peng, Bill"]
[Black "Pedersen, Rune"]
[Result "1/2-1/2"]
[WhiteElo "2186"]
[BlackElo "2340"]
[PlyCount "67"]
[EventDate "2010.02.25"]
[EventType "tourn"]
[EventRounds "9"]
[EventCountry "CAN"]

1. e4 c5 2. Nf3 Nc6 3. c3 Nf6 4. e5 Nd5 5. d4 cxd4 6. cxd4 d6 7. Bc4 Nb6 8. Bb3
d5 9. Nh4 Be6 10. f4 Qd7 11. O-O Bg4 12. Qd2 e6 13. Bd1 Bxd1 14. Qxd1 Rc8 15.
Nf3 Ne7 16. b3 h5 17. Nh4 Rc6 18. Ba3 Nf5 19. Nxf5 exf5 20. Qd3 Na8 21. Bxf8
Kxf8 22. Na3 Nc7 23. Nc2 g6 24. Qd2 Kg7 25. Nb4 Rb6 26. Nd3 Ne6 27. Nc5 Qb5 28.
Rac1 Re8 29. Rfd1 Re7 30. Qf2 Nc7 31. a4 Qe8 32. Qh4 Ne6 33. Rc3 Rc6 34. Nxe6+
1/2-1/2

[Event "Scarborough CC ch"]
[Site "Toronto CAN"]
[Date "2010.04.15"]
[Round "8"]
[White "Sellars, Karl"]
[Black "Hall, John"]
[Result "0-1"]
[WhiteElo "2227"]
[BlackElo "2238"]
[PlyCount "60"]
[EventDate "2010.02.25"]
[EventType "tourn"]
[EventRounds "9"]
[EventCountry "CAN"]

1. c4 b6 2. d4 Bb7 3. f3 f5 4. Nc3 e6 5. Nh3 Nf6 6. g3 Bb4 7. Bg2 O-O 8. O-O
Bxc3 9. bxc3 d6 10. Nf4 Qe7 11. Qb3 c5 12. Rd1 Nc6 13. d5 exd5 14. cxd5 Ne5 15.
e4 fxe4 16. fxe4 Bc8 17. h3 h6 18. c4 g5 19. Nd3 Nh5 20. Nxe5 Qxe5 21. Bb2 Qxg3
22. Qxg3 Nxg3 23. e5 Ba6 24. exd6 Bxc4 25. d7 Rad8 26. d6 Rxd7 27. Bc6 Ne2+ 28.
Kh1 Rdd8 29. d7 Rf2 30. Be5 Nd4 0-1

[Event "Scarborough CC ch"]
[Site "Toronto CAN"]
[Date "2010.04.22"]
[Round "9"]
[White "Ferreira, Alex"]
[Black "Peng, Bill"]
[Result "1/2-1/2"]
[WhiteElo "2057"]
[BlackElo "2186"]
[PlyCount "79"]
[EventDate "2010.02.25"]
[EventType "tourn"]
[EventRounds "9"]
[EventCountry "CAN"]

1. e4 e6 2. d4 d5 3. Nc3 Nf6 4. e5 Nfd7 5. f4 c5 6. Nf3 Nc6 7. Ne2 Be7 8. c3
O-O 9. Ng3 f5 10. exf6 Nxf6 11. Bd3 cxd4 12. cxd4 Qe8 13. O-O Nh5 14. Nxh5 Qxh5
15. Be3 Bd7 16. Ne5 Qxd1 17. Raxd1 Nxe5 18. fxe5 a6 19. Rc1 Rac8 20. Rxf8+ Bxf8
21. Rxc8 Bxc8 22. Bg5 Bd7 23. Kf2 Bb5 24. Bxb5 axb5 25. a3 Kf7 26. Ke2 Kg6 27.
Bd8 Kf5 28. Kd3 g6 29. Bc7 Bh6 30. b3 Bf4 31. g3 Bc1 32. h3 Bxa3 33. Bd6 Bc1
34. Bf8 h5 35. Be7 g5 36. Bf8 Kg6 37. g4 hxg4 38. hxg4 Kf7 39. Bd6 Ke8 40. Kc2
1/2-1/2

[Event "Scarborough CC ch"]
[Site "Toronto CAN"]
[Date "2010.04.22"]
[Round "9"]
[White "Hall, John"]
[Black "Casareno, Erwin"]
[Result "1/2-1/2"]
[WhiteElo "2238"]
[BlackElo "2181"]
[PlyCount "81"]
[EventDate "2010.02.25"]
[EventType "tourn"]
[EventRounds "9"]
[EventCountry "CAN"]

1. d4 d5 2. Nf3 Bf5 3. c4 e6 4. Nc3 c6 5. Qb3 Qb6 6. c5 Qxb3 7. axb3 Na6 8.
Rxa6 bxa6 9. Bf4 f6 10. e3 g5 11. Bg3 h5 12. Bxa6 Rh7 13. h4 g4 14. Nd2 e5 15.
Na4 exd4 16. exd4 Re7+ 17. Kd1 Kd7 18. b4 Bh6 19. b5 Bxd2 20. Kxd2 Re4 21.
bxc6+ Kxc6 22. Kc3 Rae8 23. b4 Re3+ 24. Kd2 Rb3 25. b5+ Rxb5 26. Bxb5+ Kxb5 27.
Nc3+ Kc4 28. Ne2 Ne7 29. Rc1+ Kb5 30. Nf4 Bg6 31. Kc3 Bf7 32. Ra1 Nc6 33. Rb1+
Ka6 34. Nd3 Bg6 35. Nb4+ Kb7 36. Rb2 Nxb4 37. Rxb4+ Kc6 38. Ra4 Kb7 39. Rb4+
Kc6 40. Ra4 Kb7 41. Rb4+ 1/2-1/2

[Event "Scarborough CC ch"]
[Site "Toronto CAN"]
[Date "2010.04.22"]
[Round "9"]
[White "Lamb, Bryan"]
[Black "Sellars, Karl"]
[Result "1/2-1/2"]
[WhiteElo "2214"]
[BlackElo "2227"]
[PlyCount "81"]
[EventDate "2010.02.25"]
[EventType "tourn"]
[EventRounds "9"]
[EventCountry "CAN"]

1. c4 e5 2. g3 Nf6 3. Bg2 Nc6 4. Nc3 Bc5 5. e3 O-O 6. Nge2 Re8 7. O-O e4 8. Qc2
Qe7 9. a3 a5 10. Nd5 Nxd5 11. cxd5 Nd8 12. Nc3 f5 13. d3 exd3 14. Qxd3 d6 15.
b3 Nf7 16. Bb2 Bd7 17. Rad1 Ng5 18. Ne2 Ne4 19. Nd4 Bb6 20. Rfe1 Rf8 21. f3 Nc5
22. Qc4 Rae8 23. Kh1 h5 24. b4 axb4 25. axb4 Na4 26. Ba1 h4 27. e4 hxg3 28. Ne6
Qh4 29. h3 Rf7 30. Qc2 f4 31. e5 Rfe7 32. Qg6 Qh6 33. Qxh6 gxh6 34. Nxf4 dxe5
35. Ng6 Rg7 36. Nxe5 Bb5 37. Ng4 Bf2 38. Re6 Bc4 39. f4 Nb6 40. Bxg7 Kxg7 41.
Re7+ 1/2-1/2

[Event "Scarborough CC ch"]
[Site "Toronto CAN"]
[Date "2010.04.22"]
[Round "9"]
[White "Moffat, Andrei"]
[Black "Pedersen, Rune"]
[Result "0-1"]
[WhiteElo "2289"]
[BlackElo "2340"]
[PlyCount "76"]
[EventDate "2010.02.25"]
[EventType "tourn"]
[EventRounds "9"]
[EventCountry "CAN"]

1. e4 c5 2. Nf3 Nc6 3. d4 cxd4 4. Nxd4 g6 5. Nc3 Bg7 6. Be3 Nf6 7. Nxc6 bxc6 8.
e5 Nd5 9. Nxd5 cxd5 10. Qxd5 Rb8 11. Bxa7 Rxb2 12. Bd4 Rxc2 13. Bd3 e6 14. Qb5
Rc6 15. Qb4 Qg5 16. O-O Bxe5 17. Bxe5 Qxe5 18. Rac1 Qc7 19. Rxc6 Qxc6 20. Bb5
Qc7 21. a4 Bb7 22. Rd1 Bd5 23. a5 f6 24. h4 Kf7 25. h5 Rb8 26. Qa4 Qb7 27. Bd3
Bc6 28. Qg4 f5 29. Qg3 Rc8 30. hxg6+ hxg6 31. Qh4 Qb2 32. Rb1 Rh8 33. Qf4 Qc3
34. Bf1 Qxa5 35. Qd4 Qd8 36. Bb5 Qb8 37. Bd3 Qh2+ 38. Kf1 Qxg2+ 0-1

[Event "Scarborough CC ch"]
[Site "Toronto CAN"]
[Date "2010.04.22"]
[Round "9"]
[White "Yuan, Yuanling"]
[Black "Hacatoglu, Kevork"]
[Result "1-0"]
[WhiteElo "2323"]
[BlackElo "2212"]
[PlyCount "74"]
[EventDate "2010.02.25"]
[EventType "tourn"]
[EventRounds "9"]
[EventCountry "CAN"]

1. e4 e6 2. d4 d5 3. Nc3 Bb4 4. e5 c5 5. a3 Bxc3+ 6. bxc3 Qc7 7. Nf3 b6 8. Bd3
Ba6 9. O-O Bxd3 10. cxd3 Ne7 11. a4 Nbc6 12. Ba3 Na5 13. dxc5 bxc5 14. Rb1 a6
15. d4 cxd4 16. cxd4 Nc4 17. Bc5 O-O 18. Nd2 Nxd2 19. Qxd2 Rfc8 20. f4 Qd7 21.
a5 Rcb8 22. Qd3 Nc6 23. Bb6 g6 24. Qd2 Kg7 25. Rb3 Ne7 26. Rh3 Ng8 27. g4 Rc8
28. f5 exf5 29. gxf5 Qa4 30. fxg6 hxg6 31. Qg5 Qd7 32. Qh4 Rab8 33. Qh7+ Kf8
34. Rhf3 Nh6 35. Qxh6+ Kg8 36. Rxf7 Qxf7 37. Rxf7 Kxf7 1-0

[Event "Scarborough CC ch Reserves U1700"]
[Site "Toronto CAN"]
[Date "2010.02.25"]
[Round "1"]
[White "Dattani, Dinesh"]
[Black "Mourgelas, James"]
[Result "1-0"]
[WhiteElo "1373"]
[BlackElo "1596"]
[PlyCount "38"]
[EventDate "2010.02.25"]
[EventType "swiss"]
[EventRounds "9"]
[EventCountry "CAN"]

1. e4 e5 2. Nf3 Nc6 3. d4 exd4 4. Nxd4 Nxd4 5. Qxd4 h6 6. Nc3 b6 7. Bc4 Nf6 8.
e5 Qe7 9. O-O Nh7 10. Nb5 Kd8 11. Bf4 Qc5 12. Qd3 Ng5 13. Rad1 Ne6 14. Bg3 Be7
15. Nc3 Bg5 16. Ba6 Nf8 17. Bb5 a6 18. Bc4 Bb7 19. Bxf7 Kc8 1-0

[Event "Scarborough CC ch Reserves U1700"]
[Site "Toronto CAN"]
[Date "2010.02.25"]
[Round "1"]
[White "Farrant, David"]
[Black "Yusuf, Magas"]
[Result "1-0"]
[WhiteElo "1454"]
[BlackElo "1646"]
[PlyCount "103"]
[EventDate "2010.02.25"]
[EventType "swiss"]
[EventRounds "9"]
[EventCountry "CAN"]

1. e4 e5 2. Nf3 Nf6 3. Nxe5 d6 4. Nf3 Nxe4 5. d3 Nf6 6. Nc3 d5 7. Bg5 Be7 8.
Qe2 O-O 9. O-O-O c5 10. h4 h6 11. Ne5 hxg5 12. hxg5 Nh7 13. f4 Bxg5 14. g3 Nc6
15. Qh5 Bh6 16. Nf3 Nf6 17. Qh2 Ng4 18. Qd2 Be6 19. Ng5 Re8 20. Bg2 d4 21. Nce4
Qe7 22. Kb1 Ne3 23. Rde1 Nb4 24. Rxe3 dxe3 25. Qxe3 Bxa2+ 26. Kc1 f5 27. b3
fxe4 28. Bxe4 Nd5 29. Bxd5+ Kh8 30. Qf3 Qe3+ 31. Kb2 Qxf3 32. Bxf3 Bxb3 33.
Kxb3 Re7 34. Bd5 Rf8 35. Ne6 Rf6 36. Ng5 b5 37. c4 b4 38. Nf3 Ra6 39. Ne5 Kh7
40. Be4+ Kg8 41. Bd5+ Kh7 42. g4 g5 43. fxg5 Rxe5 44. Rxh6+ Rxh6 45. gxh6 Kxh6
46. Bf3 Re1 47. Kc2 Kg5 48. Kd2 Rf1 49. Be2 Rf2 50. Ke3 b3 51. d4 Rxe2+ 52.
Kxe2 1-0

[Event "Scarborough CC ch Reserves U1700"]
[Site "Toronto CAN"]
[Date "2010.02.25"]
[Round "1"]
[White "Liu, Jiaxin (Dora)"]
[Black "Philip, Andrew"]
[Result "1-0"]
[WhiteElo "1282"]
[BlackElo "1564"]
[PlyCount "74"]
[EventDate "2010.02.25"]
[EventType "swiss"]
[EventRounds "9"]
[EventCountry "CAN"]

1. e4 d5 2. exd5 Qxd5 3. Nc3 Qd6 4. Be2 Nf6 5. Nf3 a6 6. a4 Bf5 7. d3 e5 8. Be3
Nc6 9. O-O Be7 10. h3 O-O-O 11. a5 Nd4 12. Qd2 Nxf3+ 13. Bxf3 e4 14. Bf4 Qd7
15. Be2 exd3 16. cxd3 Bxd3 17. Rad1 Bxe2 18. Qxe2 Bd6 19. Bxd6 cxd6 20. Rc1 Kb8
21. Qd1 d5 22. Na4 Rhe8 23. Nb6 Qb5 24. Qd2 Re2 25. Qf4+ Ka7 26. Qc7 Ree8 27.
Qc3 d4 28. Qa3 Nd7 29. Nxd7 Qxd7 30. Qc5+ Kb8 31. Qb4 Rc8 32. Rcd1 d3 33. Qf4+
Ka8 34. Qd2 Red8 35. Qf4 Rc2 36. b4 d2 37. Qf3 Rdc8 1-0

[Event "Scarborough CC ch Reserves U1700"]
[Site "Toronto CAN"]
[Date "2010.02.25"]
[Round "1"]
[White "Rogers, Michael"]
[Black "Orsini, Mike"]
[Result "0-1"]
[WhiteElo "1581"]
[BlackElo "1346"]
[PlyCount "74"]
[EventDate "2010.02.25"]
[EventType "swiss"]
[EventRounds "9"]
[EventCountry "CAN"]

1. e4 c5 2. Nf3 d6 3. d4 cxd4 4. Nxd4 Nc6 5. Nc3 Nf6 6. Be3 g6 7. Nxc6 bxc6 8.
Bc4 Bg7 9. e5 Ng4 10. Bf4 d5 11. Bb3 Bxe5 12. Bxe5 Nxe5 13. Qd4 f6 14. O-O-O
Qb6 15. Qh4 O-O 16. Nxd5 cxd5 17. Bxd5+ Be6 18. Bxa8 Rxa8 19. b3 a5 20. Rhe1 a4
21. Qd4 Qc6 22. Re3 axb3 23. axb3 Rb8 24. Rc3 Qxg2 25. Qa7 Ra8 26. Qe3 Ra1+ 27.
Kd2 Rxd1+ 28. Kxd1 Bg4+ 29. Kc1 Qxh2 30. Kb2 h5 31. f4 Nf7 32. Qxe7 Qxf4 33.
Rc4 Qe5+ 34. Qxe5 Nxe5 35. Rd4 h4 36. b4 h3 37. Rd2 Nc4+ 0-1

[Event "Scarborough CC ch Reserves U1700"]
[Site "Toronto CAN"]
[Date "2010.02.25"]
[Round "1"]
[White "Smith, Maurice"]
[Black "Pishdad, Hassan"]
[Result "1-0"]
[WhiteElo "1639"]
[BlackElo "1422"]
[PlyCount "67"]
[EventDate "2010.02.25"]
[EventType "swiss"]
[EventRounds "9"]
[EventCountry "CAN"]

1. d4 Nf6 2. c4 e6 3. Nf3 d5 4. Bg5 Be7 5. Nc3 Nc6 6. e3 h6 7. Bh4 g5 8. Bg3
Bd6 9. Bxd6 Qxd6 10. Bd3 Nb4 11. Be2 Bd7 12. a3 Nc6 13. b4 dxc4 14. Bxc4 Nxb4
15. axb4 Qxb4 16. Qb3 Qxb3 17. Bxb3 Bc6 18. O-O Bxf3 19. gxf3 O-O 20. Rfc1 c6
21. Na4 g4 22. Bd1 gxf3 23. Bxf3 Nd5 24. Nc5 b6 25. Nd7 Rfd8 26. Ne5 c5 27.
dxc5 bxc5 28. Rxc5 Kg7 29. Rca5 a6 30. Rxa6 Rxa6 31. Rxa6 Rg8 32. Kh1 Rd8 33.
Ra7 Rf8 34. Bh5 1-0

[Event "Scarborough CC ch Reserves U1700"]
[Site "Toronto CAN"]
[Date "2010.02.25"]
[Round "1"]
[White "Vora, Hanz"]
[Black "Walker, John"]
[Result "0-1"]
[WhiteElo "1194"]
[BlackElo "1503"]
[PlyCount "104"]
[EventDate "2010.02.25"]
[EventType "swiss"]
[EventRounds "9"]
[EventCountry "CAN"]

1. e4 d6 2. d4 Nf6 3. Nc3 Nbd7 4. Nf3 e5 5. Bg5 Be7 6. Bb5 O-O 7. O-O a6 8. Ba4
c6 9. Re1 h6 10. Bh4 Qc7 11. Qd2 a5 12. a3 b5 13. Bb3 a4 14. Ba2 Nb6 15. Rad1
Nc4 16. Bxc4 bxc4 17. h3 Be6 18. d5 cxd5 19. exd5 Bd7 20. Ne4 Nxe4 21. Rxe4 Bf5
22. Bxe7 Bxe4 23. Bxf8 Rxf8 24. Qe2 Bh7 25. c3 Bd3 26. Qe3 Qa5 27. Ne1 Qxd5 28.
Nxd3 e4 29. Qd4 Qxd4 30. cxd4 exd3 31. Kf1 Re8 32. Rc1 d5 33. Re1 Kf8 34. Rxe8+
Kxe8 35. Ke1 Ke7 36. f4 Kf6 37. g4 Kg6 38. Kd2 f5 39. b4 axb3 40. a4 b2 41. Ke3
b1=Q 42. a5 Qe1+ 43. Kf3 Qxa5 44. gxf5+ Kxf5 45. Kg3 Qe1+ 46. Kf3 Qe2+ 47. Kg3
Qe3+ 48. Kg2 Kxf4 49. h4 Qf3+ 50. Kg1 Qe2 51. h5 Kg3 52. Kh1 Qh2# 0-1

[Event "Scarborough CC ch Reserves U1700"]
[Site "Toronto CAN"]
[Date "2010.02.25"]
[Round "1"]
[White "Yie, Kevin"]
[Black "Vyravanathan, Sobiga"]
[Result "1-0"]
[WhiteElo "1176"]
[BlackElo "1201"]
[PlyCount "80"]
[EventDate "2010.02.25"]
[EventType "swiss"]
[EventRounds "9"]
[EventCountry "CAN"]

1. e4 e5 2. Nf3 Nc6 3. Bc4 Bc5 4. O-O Nf6 5. d3 d6 6. Ng5 d5 7. exd5 Nxd5 8.
Qf3 O-O 9. Qxd5 Qxd5 10. Bxd5 Nd4 11. Bb3 Ne2+ 12. Kh1 Bd7 13. Be3 Nd4 14. Nc3
Bc6 15. Nge4 Bb6 16. Na4 Rfd8 17. Nxb6 axb6 18. f4 exf4 19. Bxd4 Rxd4 20. Rxf4
Bxe4 21. Bxf7+ Kh8 22. Rxe4 Rd7 23. Rae1 Rdd8 24. Re8+ Rxe8 25. Rxe8+ Rxe8 26.
Bxe8 Kg8 27. Kg1 Kf8 28. Bh5 Ke7 29. Kf2 g6 30. Bf3 c6 31. Ke3 Ke6 32. c3 h5
33. g4 h4 34. g5 Kf5 35. Be4+ Kxg5 36. Kf3 Kh5 37. h3 Kg5 38. d4 b5 39. a3 Kh5
40. Kf4 g5+ 1-0

[Event "Scarborough CC ch Reserves U1700"]
[Site "Toronto CAN"]
[Date "2010.03.04"]
[Round "2"]
[White "Farhang, Arvin"]
[Black "Al Ganabi, Yasir"]
[Result "1-0"]
[WhiteElo "1604"]
[BlackElo "1395"]
[PlyCount "57"]
[EventDate "2010.02.25"]
[EventType "swiss"]
[EventRounds "9"]
[EventCountry "CAN"]

1. d4 d5 2. c4 dxc4 3. Nc3 c5 4. Nf3 cxd4 5. Nxd4 e5 6. Nf3 Qxd1+ 7. Nxd1 Nc6
8. e3 Nb4 9. Kd2 b5 10. a4 Ba6 11. Nc3 Rd8+ 12. Ke2 bxa4 13. Nxe5 Nf6 14. Bd2
Bc5 15. Rxa4 O-O 16. Ke1 Rfe8 17. Bxc4 Rxe5 18. Bxa6 Nxa6 19. Rxa6 Bb6 20. Ke2
Ne4 21. Rd1 Nc5 22. Ra3 f5 23. Na4 Nd3 24. Rxd3 Rxd3 25. Kxd3 Ba5 26. Bc3 Bxc3
27. Nxc3 a5 28. Ra1 Kf7 29. Ra4 1-0

[Event "Scarborough CC ch Reserves U1700"]
[Site "Toronto CAN"]
[Date "2010.03.04"]
[Round "2"]
[White "Orsini, Mike"]
[Black "Smith, Maurice"]
[Result "0-1"]
[WhiteElo "1346"]
[BlackElo "1639"]
[PlyCount "90"]
[EventDate "2010.02.25"]
[EventType "swiss"]
[EventRounds "9"]
[EventCountry "CAN"]

1. Nf3 d5 2. g3 c5 3. Bg2 Nc6 4. d3 Nf6 5. Nbd2 e5 6. O-O Bd6 7. Re1 O-O 8. e4
dxe4 9. Nxe4 Nxe4 10. dxe4 Bg4 11. c3 h6 12. Qa4 Qc7 13. Nd2 a6 14. f3 b5 15.
Qc2 Be6 16. b3 Rac8 17. Bb2 Na5 18. Nf1 c4 19. b4 Nc6 20. a4 Qb6+ 21. Kh1 Rfd8
22. a5 Qa7 23. Bc1 Bf8 24. Be3 Qb7 25. Bb6 Rd3 26. Ne3 Rd7 27. Rad1 Bd6 28. Nd5
Ne7 29. Nxe7+ Bxe7 30. Rxd7 Bxd7 31. Rd1 Be6 32. f4 f6 33. f5 Bf7 34. Rd2 Bh5
35. h3 Be8 36. Qd1 Bc6 37. g4 Qa8 38. Qe2 Qb7 39. h4 Qa8 40. Qe3 Bd8 41. Bc5
Bc7 42. g5 Rd8 43. gxh6 Rxd2 44. Qg3 Rxg2 45. h7+ Kh8 0-1

[Event "Scarborough CC ch Reserves U1700"]
[Site "Toronto CAN"]
[Date "2010.03.04"]
[Round "2"]
[White "Philip, Andrew"]
[Black "Vora, Hanz"]
[Result "1/2-1/2"]
[WhiteElo "1564"]
[BlackElo "1194"]
[PlyCount "81"]
[EventDate "2010.02.25"]
[EventType "swiss"]
[EventRounds "9"]
[EventCountry "CAN"]

1. d4 e6 2. c4 d5 3. cxd5 exd5 4. Nc3 Nf6 5. Bg5 Bb4 6. Qb3 Bxc3+ 7. bxc3 c6 8.
e3 O-O 9. Bd3 h6 10. Bh4 b6 11. Nf3 c5 12. Qc2 c4 13. Bf5 Bxf5 14. Qxf5 Qd7 15.
Qc2 Ne4 16. Ne5 Qe6 17. f3 Nd6 18. Bf2 Qf5 19. Qxf5 Nxf5 20. O-O f6 21. Ng6 Re8
22. Rfe1 Kf7 23. Nf4 Rd8 24. e4 dxe4 25. fxe4 Ne7 26. g3 Nbc6 27. Rad1 Rd7 28.
Ng2 Rad8 29. Rb1 g5 30. Ne3 Nb8 31. Rb4 Rc8 32. Rc1 Rc6 33. Rxc4 Rxc4 34. Nxc4
b5 35. Ne3 a5 36. Nf5 Nxf5 37. exf5 Nc6 38. Re1 b4 39. Re6 Nd8 40. Re3 Nc6 41.
Re6 1/2-1/2

[Event "Scarborough CC ch Reserves U1700"]
[Site "Toronto CAN"]
[Date "2010.03.04"]
[Round "2"]
[White "Pishdad, Hassan"]
[Black "Rogers, Michael"]
[Result "0-1"]
[WhiteElo "1422"]
[BlackElo "1581"]
[PlyCount "85"]
[EventDate "2010.02.25"]
[EventType "swiss"]
[EventRounds "9"]
[EventCountry "CAN"]

1. e4 e5 2. Nf3 Nc6 3. Bb5 a6 4. Bxc6 dxc6 5. h3 Qd6 6. b3 Ne7 7. d3 Bd7 8. Bb2
Ng6 9. Nbd2 b5 10. g3 Be7 11. Qe2 O-O-O 12. Qe3 Kb7 13. O-O-O f6 14. Nb1 c5 15.
Na3 Ra8 16. c4 b4 17. Nc2 a5 18. a4 bxa3 19. Bxa3 Qb6 20. d4 exd4 21. Qd3 Ne5
22. Nxe5 fxe5 23. Kd2 Rhf8 24. Ke2 Kc8 25. Rb1 Qf6 26. Rbf1 Rb8 27. Na1 Qh6 28.
Qd2 Qf6 29. f3 Qa6 30. Qd3 a4 31. Rb1 axb3 32. Rxb3 Rxb3 33. Qxb3 Be6 34. Rc1
Bxh3 35. g4 Bg2 36. Rb1 Bxf3+ 37. Kd3 Qc6 38. Qb7+ Kd7 39. Qxc6+ Kxc6 40. Rb5
Bxg4 41. Bb2 Rf3+ 42. Kc2 h5 43. Rb8 0-1

[Event "Scarborough CC ch Reserves U1700"]
[Site "Toronto CAN"]
[Date "2010.03.04"]
[Round "2"]
[White "Walker, John"]
[Black "Yie, Kevin"]
[Result "1-0"]
[WhiteElo "1503"]
[BlackElo "1176"]
[PlyCount "33"]
[EventDate "2010.02.25"]
[EventType "swiss"]
[EventRounds "9"]
[EventCountry "CAN"]

1. Nf3 Nf6 2. d4 d5 3. e3 Nc6 4. Nbd2 Bf5 5. a3 e6 6. b3 Bd6 7. Bb2 O-O 8. c4
Ne7 9. c5 Bxc5 10. dxc5 Nd7 11. b4 a5 12. Nh4 axb4 13. axb4 Rxa1 14. Qxa1 Bg6
15. Bxg7 Re8 16. Bh6 Nc6 17. Qg7# 1-0

[Event "Scarborough CC ch Reserves U1700"]
[Site "Toronto CAN"]
[Date "2010.03.11"]
[Round "3"]
[White "Dattani, Dinesh"]
[Black "Orsini, Mike"]
[Result "1/2-1/2"]
[WhiteElo "1374"]
[BlackElo "1365"]
[PlyCount "99"]
[EventDate "2010.02.25"]
[EventType "swiss"]
[EventRounds "9"]
[EventCountry "CAN"]

1. e4 c5 2. Nf3 d6 3. d4 cxd4 4. Nxd4 Nf6 5. Nc3 g6 6. Be3 Bg7 7. Qd2 a6 8. Be2
O-O 9. O-O-O b5 10. a3 Bb7 11. f3 Nc6 12. Nxc6 Bxc6 13. Nd5 Nd7 14. h4 Bxd5 15.
exd5 Qc7 16. h5 Ne5 17. hxg6 hxg6 18. Bh6 Nc4 19. Bxc4 Qxc4 20. Bxg7 Kxg7 21.
Qh6+ Kf6 22. f4 Rh8 23. Qg5+ Kg7 24. Rhe1 Rac8 25. c3 Rh5 26. Qg4 Rc7 27. Rh1
Rxd5 28. Rxd5 Qxd5 29. Qh4 Qh5 30. Qxh5 gxh5 31. Rxh5 Rc5 32. Rxc5 dxc5 33. Kc2
Kf6 34. g4 e5 35. fxe5+ Kxe5 36. Kb3 Kf4 37. c4 Kxg4 38. Kc3 f5 39. b4 f4 40.
bxc5 f3 41. c6 f2 42. c7 f1=Q 43. c8=Q+ Kg3 44. Qg8+ Kh2 45. Qh7+ Kg1 46. Qg6+
Kh2 47. Qh7+ Kg1 48. Qg6+ Kh2 49. Qc2+ Kg1 50. Qg6+ 1/2-1/2

[Event "Scarborough CC ch Reserves U1700"]
[Site "Toronto CAN"]
[Date "2010.03.11"]
[Round "3"]
[White "Mourgelas, James"]
[Black "Grauer, Marcel"]
[Result "1-0"]
[WhiteElo "1596"]
[BlackElo "1233"]
[PlyCount "64"]
[EventDate "2010.02.25"]
[EventType "swiss"]
[EventRounds "9"]
[EventCountry "CAN"]

1. e4 e5 2. Nf3 Nc6 3. Bc4 Nf6 4. Nc3 Bb4 5. d3 Bxc3+ 6. bxc3 d5 7. exd5 Nxd5
8. Bb2 O-O 9. O-O Bg4 10. Qd2 Bxf3 11. gxf3 Nf4 12. Kh1 Qf6 13. Qe3 Rfe8 14.
Rad1 Rad8 15. Rg1 Ne7 16. Qe4 c6 17. Bc1 Neg6 18. Rg3 Nh4 19. Rdg1 g6 20. Be3
Ne2 21. Bg5 Nxg3+ 22. Rxg3 Qf5 23. Qxh4 Rd6 24. Qh6 b5 25. Rh3 Qxh3 26. Qxh3
bxc4 27. Qf1 cxd3 28. cxd3 c5 29. Be3 Red8 30. Bxc5 Rxd3 31. Kg2 Rxc3 32. Qa6
Rxc5 1-0